Principios de química : los caminos del descubrimiento
Saved in:
| Main Authors: | , |
|---|---|
| Format: | Book |
| Language: | Spanish English |
| Published: |
Buenos Aiers :
Editorial Médica Panamericana,
2012.
|
| Edition: | 5a. ed. |
| Subjects: |
| LEADER | 03966Cam#a22007095a#4500 | ||
|---|---|---|---|
| 001 | 025780 | ||
| 003 | AR-BeUNQ | ||
| 005 | 20240207165841.0 | ||
| 007 | ta | ||
| 008 | 140221s2012 ag a fr 001 0 spa d | ||
| 999 | |c 23748 |d 99135 | ||
| 020 | |a 9789500602822 | ||
| 040 | |a AR-beUNQ |b spa |e aacr | ||
| 041 | |a spa |h eng | ||
| 044 | |a ag | ||
| 082 | 0 | 4 | |a 540 |2 21 |
| 100 | 1 | |a Atkins, P. W. |9 2268 |d 1940- |q (Peter William), | |
| 245 | 0 | 2 | |a Principios de química : |b los caminos del descubrimiento |c Peter Atkins, Loretta Jones. |
| 250 | |a 5a. ed. | ||
| 260 | |a Buenos Aiers : |b Editorial Médica Panamericana, |c 2012. | ||
| 300 | |a 1026 p. en varias paginaciones : |b il. col., gráficos, fot. ; |c 27 cm. | ||
| 500 | |a Incluye índice, glosario, ejercicios de integración y respuestas. | ||
| 500 | |a Traducción de: Chemical principles : the quest for insight. Fifth Edition. New York: W. H. Freeman and COmpany, 2010. | ||
| 500 | |a La biblioteca posee además la versión en inglés de la 1a. ed. (inv. 27851, 27852, 27889, 27890). | ||
| 500 | |a Incluye glosario (Apéndice B) e índice analítico (Apéndice E). | ||
| 594 | |b DIPLOMATURA EN CIENCíA Y TECNOLOGÍA | ||
| 594 | |b INGENIERÍA EN ALIMENTOS |c QUIMICA I |d 2021 |d 2023 | ||
| 594 | |b LICENCIATURA EN BIOTECNOLOGÍA |c QUIMICA I |d 2023 | ||
| 594 | |b ARQUITECTURA NAVAL |c QUIMICA I |d 2023 | ||
| 594 | |b INGENIERÍA EN AUTOMATIZACIÓN Y CONTROL INDUSTRIAL |c QUIMICA I |d 2023 | ||
| 594 | |b TECNICATURA UNIVERSITARIA EN TECNOLOGÍA AMBIENTAL Y PETROQUÍMICA | ||
| 594 | |b INGENIERIA EN ALIMENTOS |c QUIMICA II |d 2021 |d 2023 | ||
| 595 | |a TALLER DE QUÍMICA |d 2021 | ||
| 650 | 7 | |a Química |2 spines | |
| 650 | 7 | |a Química nuclear |2 spines | |
| 650 | 7 | |a Moléculas |2 spines | |
| 650 | 7 | |a Atomos |2 spines | |
| 650 | 7 | |a Acidez |2 spines | |
| 650 | 7 | |a Alcalinidad |2 spines | |
| 650 | 7 | |a Electroquímica |2 spines | |
| 650 | 7 | |a Termodinámica |2 spines | |
| 650 | 7 | |a Equilibrio ácido-base |2 spines | |
| 650 | 7 | |a Cromatografía |2 spines | |
| 700 | 1 | |a Jones, Loretta |e aut. |4 aut |9 2267 | |
| 929 | |a COMPRA |b Ediciones Lafayette |c 2a Compra 2013 Exp. 827-469/13 |d 272,00 |e 20140120 |f PAT0052422 |j 50744 | ||
| 929 | |a COMPRA |b Ediciones Lafayette |c 2a Compra 2013 Exp. 827-469/13 |d 272,00 |e 20140120 |f PAT0052423 |j 50745 | ||
| 929 | |a COMPRA |b Ediciones Lafayette |c 2a Compra 2013 Exp. 827-469/13 |d 272,00 |e 20140120 |f PAT0052424 |j 50746 | ||
| 929 | |a COMPRA |b Beatriz A. Díaz |c 1a. Compra 2014 Exp. 827-0690/14 |d 430,00 |e 20140910 |f PAT0054883 |j 52087 | ||
| 929 | |a COMPRA |b Beatriz A. Díaz |c 1a. Compra 2014 Exp. 827-0690/14 |d 430,00 |e 20140910 |f PAT0054884 |j 52088 | ||
| 929 | |a COMPRA |b Beatriz A. Díaz |c 1a. Compra 2014 Exp. 827-0690/14 |d 430,00 |e 20140910 |f PAT0054885 |j 52089 | ||
| 929 | |a COMPRA |b Beatriz A. Díaz |c 1a. Compra 2014 Exp. 827-0690/14 |d 430,00 |e 20140910 |f PAT0054886 |j 52090 | ||
| 929 | |a COMPRA |b Ediciones Lafayette |c 2a Compra 2014 Exp. 827-0689/14 |d 383,00 |e 20150209 |f PAT0056795 |j 52576 | ||
| 929 | |a COMPRA |b Ediciones Lafayette |c 2a Compra 2014 Exp. 827-0689/14 |d 383,00 |e 20150209 |f PAT0056793 |j 52577 | ||
| 929 | |a COMPRA |b Ediciones Lafayette |c 2a Compra 2014 Exp. 827-0689/14 |d 383,00 |e 20150209 |f PAT0056796 |j 52578 | ||
| 929 | |a COMPRA |b Ediciones Lafayette |c 2a Compra 2014 Exp. 827-0689/14 |d 383,00 |e 20150209 |f PAT0056794 |j 52579 | ||
| 929 | |a COMPRA |b Ediciones Lafayette |c 2a Compra 2015 Exp. 827-0448/15 |d 517,00 |e 20151001 |f PAT0060041 |j 53967 | ||
| 929 | |a COMPRA |b Ediciones Lafayette |c 2a Compra 2015 Exp. 827-0448/15 |d 517,00 |e 20151001 |f PAT0060042 |j 53968 | ||
| 929 | |a COMPRA |b Ediciones Lafayette |c 2a Compra 2015 Exp. 827-0448/15 |d 517,00 |e 20151001 |f PAT0060043 |j 53969 | ||
| 929 | |a COMPRA |b Ediciones Lafayette |c 2a Compra 2015 Exp. 827-0448/15 |d 517,00 |e 20151001 |f PAT0060044 |j 53970 | ||
| 929 | |a COMPRA |b Ediciones Lafayette |c 2a Compra 2015 Exp. 827-0448/15 |d 517,00 |e 20151001 |f PAT0060045 |j 53971 | ||
| 929 | |a COMPRA |b Ediciones Lafayette |c 2a Compra 2015 Exp. 827-0448/15 |d 517,00 |e 20151001 |f PAT0060046 |j 53972 | ||
| 942 | |c LIB |n 0 | ||